Wesen und Formen des Dramas; (Record no. 3911)

MARC details
000 -LEADER
fixed length control field 00789cam a22002291 4500
001 - CONTROL NUMBER
control field af 48000058
003 - CONTROL NUMBER IDENTIFIER
control field DLC
005 - DATE AND TIME OF LATEST TRANSACTION
control field 20260227110841.0
008 - FIXED-LENGTH DATA ELEMENTS--GENERAL INFORMATION
fixed length control field 780131s1945 ge b 000 0 ger c
010 ## - LIBRARY OF CONGRESS CONTROL NUMBER
LC control number af 48000058
040 ## - CATALOGING SOURCE
Original cataloging agency Harvard Univ. Library
Transcribing agency DLC
Modifying agency DLC
050 00 - LIBRARY OF CONGRESS CALL NUMBER
Classification number PN1664
Item number .P36
082 00 - DEWEY DECIMAL CLASSIFICATION NUMBER
Classification number 808.2
100 1# - MAIN ENTRY--PERSONAL NAME
Personal name Petsch, Robert,
Dates associated with a name 1875-1945.
245 10 - TITLE STATEMENT
Title Wesen und Formen des Dramas;
Remainder of title allgemeine Dramaturgie.
260 ## - PUBLICATION, DISTRIBUTION, ETC.
Place of publication, distribution, etc. Halle (Saale)
Name of publisher, distributor, etc. M. Niemeyer,
Date of publication, distribution, etc. 1945.
300 ## - PHYSICAL DESCRIPTION
Extent xv, 478 p.
Dimensions 25 cm.
440 #0 - SERIES STATEMENT/ADDED ENTRY--TITLE
Title Deutsche Vierteljahrsschrift für Literaturwissenschaft und Geistesgeschichte. Buchreihe,
Volume/sequential designation 29 Bd.
504 ## - BIBLIOGRAPHY, ETC. NOTE
Bibliography, etc. note "Verzeichnis der ... benutzten und angeführten Schriften des Verfassers": p. [465]-466.
504 ## - BIBLIOGRAPHY, ETC. NOTE
Bibliography, etc. note Bibliographical footnotes.
650 #0 - SUBJECT ADDED ENTRY--TOPICAL TERM
Topical term or geographic name entry element Drama.

No items available.

Powered by Koha